Normal view
MARC view
Entry Nombre personal
001 - NÚMERO DE CONTROL
- campo de control: 36833
003 - IDENTIFICADOR DE NÚMERO DE CONTROL
- campo de control: SpMaBN
005 - FECHA Y HORA DE LA ÚLTIMA TRANSACCIÓN
- campo de control: 20250904073016.0
008 - ELEMENTOS DE DATO DE LONGITUD-FIJA
- campo de control de longitud fija: 110908n #azznnaabn n aac ##
040 ## - FUENTE DE CATALOGACIÓN
- Centro catalogador/agencia de origen: SpMaBN
- Lengua de catalogación: spa
- Centro/agencia transcriptor: SpMaBN
- Normas de descripción: rdc
- Convención/Normas de encabezamiento de materia/tesauro: embne
046 ## - FECHAS CON CODIFICACIÓN ESPECIAL
- Fecha de nacimiento: 1947
100 1# - ENCABEZAMIENTO-NOMBRE DE PERSONA
- Nombre de persona: Castro, Antonio de,
- Fechas asociadas al nombre: 1947-
375 ## - GÉNERO/SEXO
- Género: Masculino
670 ## - FUENTE DE DATOS ENCONTRADOS
- Cita de la fuente: Jaulas abiertas, 2011
- Información encontrada: port. (Antonio de Castro) p. 7 (Osuna, 1947; artista plástico)
